00779nam a22001937a 4500003000900000008004100009040007100050082002000121100001700141245002000158260004200178300004400220440002300264505019300287650002500480650002300505650002300528700003400551AR-CdUCM190401b ||||| |||| 00| 0 spa d aMUNICIPALIDAD PROVINCIAL DEL CUSCOcBIBLIOTECA MUNICIPAL DEL CUSCO aEP / 800 /bV52 aVerne. Julio aEl changellor / aBarcelona :bEditorial Molino,c1958. a157 páginas ;bIlustraciones,c19 cm. aColección Molino aContenido: Salida de Charleston -- Algunos personajes de Chancellor -- Acta de las mercancias cargadas en el Chancellor -- Algunos detalles sobre los pasajeros , el capitan y su segundo... aLiteratura universal aLiteratura escolar aAventuras de Verne aVallve, Manuel (traducción)